Biology Second Paper for Classes 11-12 / (Record no. 10216)
[ view plain ]
| 000 -LEADER | |
|---|---|
| fixed length control field | 00626nam a2200241 a 4500 |
| 001 - CONTROL NUMBER | |
| JCCL Control Number | 10216 |
| 003 - CONTROL NUMBER IDENTIFIER | |
| JCCL marc code | BD-JhCC |
| 005 - DATE AND TIME OF LATEST TRANSACTION | |
| control field | 20180421122023.0 |
| 008 - FIXED-LENGTH DATA ELEMENTS--GENERAL INFORMATION | |
| fixed length control field | 171214s20072011bg a||a| ||a| 000 0 eng d |
| 020 ## - INTERNATIONAL STANDARD BOOK NUMBER | |
| International Standard Book Number | 9848272313 |
| 035 ## - SYSTEM CONTROL NUMBER | |
| system control number | (BD-JhCC)10216 |
| 040 ## - CATALOGING SOURCE | |
| Original cataloging agency | BD-JhCC |
| Modifying agency | BD-JhCC |
| 041 ## - LANGUAGE CODE | |
| Language code of Book | eng |
| 082 ## - DEWEY DECIMAL CLASSIFICATION NUMBER | |
| Classification number | 547 |
| Author mark and Year | MEG 2007 |
| 100 ## - MAIN ENTRY--PERSONAL NAME | |
| Personal name | Saha, Meghnad |
| 245 ## - TITLE STATEMENT | |
| Title | Biology Second Paper for Classes 11-12 / |
| Statement of responsibility, etc | Meghnad Saha; Abu Sayed Biswas |
| 260 ## - PUBLICATION, DISTRIBUTION, ETC. (IMPRINT) | |
| Place of publication, distribution, etc | Dhaka : |
| Name of publisher, distributor, etc | Mullick Brothers, |
| Date of publication, distribution, etc | 2007. |
| 300 ## - PHYSICAL DESCRIPTION | |
| Pagination | 360 p. : |
| Dimensions | 27 cm. |
| 650 ## - SUBJECT ADDED ENTRY--TOPICAL TERM | |
| Topical term or geographic name as entry element | Biology |
| 700 ## - ADDED ENTRY--PERSONAL NAME | |
| Personal name | Biswas, Abu Sayed |
| 942 ## - ADDED ENTRY ELEMENTS (KOHA) | |
| Source of classification or shelving scheme | Dewey Decimal Classification |
| Koha item type | Books |
| Source of classification or shelving scheme | Damaged status | Not for loan | Home library | Current library | Shelving location | Date of accession | Cost, normal purchase price | Total Checkouts | Full call number | Barcode | Date last seen | Date checked out | Copy number | Koha item type |
|---|---|---|---|---|---|---|---|---|---|---|---|---|---|---|
| Dewey Decimal Classification | JCC Rouf Library | JCC Rouf Library | General Stacks | 04/21/2018 | 450.00 | 1 | 547 MEG 2007 | 12991 | 09/04/2024 | 09/01/2024 | C-1 | Books |